[Event "German Bundesliga 2023-24"]
[Site "Germany"]
[Date "2024.03.17"]
[Round "13.5"]
[White "Lokander, Martin"]
[Black "Beerdsen, Thomas"]
[Result "1/2-1/2"]
[WhiteElo "2462"]
[BlackElo "2496"]
[Annotator "TA"]
[PlyCount "41"]
[EventDate "2023.10.20"]
[EventType "team-tourn"]
[EventCountry "GER"]
[SourceTitle "playchess.com"]
[Source "ChessBase"]
[SourceQuality "1"]

1. d4 Nf6 2. Bg5 d5 3. e3 c5 4. Bxf6 gxf6 5. dxc5 e6 6. Nf3 Bxc5 7. Be2 Nc6 8. O-O f5 9. c4 dxc4 10. Qa4 O-O 11. Qxc4 Qe7 12. Nc3 Bd6 13. Rfd1 Rd8 14. e4 f4 15. e5 Nxe5 16. Qxf4 Ng6 17. Qh6 Qf8 18. Qg5 Be7 19. Rxd8 Qxd8 20. Qe3 Bd7 21. Rd1 1/2-1/2

[Event "German Bundesliga 2023-24"]
[Site "Germany"]
[Date "2024.03.17"]
[Round "13.6"]
[White "Heimann, Andreas"]
[Black "Maiwald, Jens-Uwe"]
[Result "1/2-1/2"]
[WhiteElo "2552"]
[BlackElo "2445"]
[Annotator "TA"]
[PlyCount "55"]
[EventDate "2023.10.20"]
[EventType "team-tourn"]
[EventCountry "GER"]
[SourceTitle "playchess.com"]
[Source "ChessBase"]
[SourceQuality "1"]

1. d4 Nf6 2. c4 e6 3. Nf3 Bb4+ 4. Nbd2 b6 5. a3 Bxd2+ 6. Qxd2 Bb7 7. e3 O-O 8. Be2 d6 9. b4 Nbd7 10. O-O Qe7 11. Bb2 Ne4 12. Qc2 f5 13. d5 e5 14. Nd2 Nxd2 15. Qxd2 f4 16. exf4 Rxf4 17. Qc2 a5 18. Bd3 h6 19. Rae1 axb4 20. axb4 b5 21. g3 Rff8 22. f4 bxc4 23. Qxc4 Ba6 24. b5 Bxb5 25. Qxb5 Rab8 26. Qc4 Rxb2 27. Qxc7 Qd8 28. Qxd8 1/2-1/2

[Event "German Bundesliga 2023-24"]
[Site "Germany"]
[Date "2024.03.17"]
[Round "13.6"]
[White "Kraus, Tomas"]
[Black "Kramer, Julian"]
[Result "1-0"]
[WhiteElo "2491"]
[BlackElo "2470"]
[Annotator "TA"]
[PlyCount "89"]
[EventDate "2023.10.20"]
[EventType "team-tourn"]
[EventCountry "GER"]
[SourceTitle "playchess.com"]
[Source "ChessBase"]
[SourceQuality "1"]

1. d4 Nf6 2. c4 g6 3. Nc3 d5 4. cxd5 Nxd5 5. e3 Bg7 6. Bc4 Nb6 7. Bb3 O-O 8. Nf3 c5 9. O-O cxd4 10. exd4 Nc6 11. d5 Na5 12. h3 Nxb3 13. axb3 e6 14. d6 Bd7 15. Bg5 f6 16. Be3 Bc6 17. Bc5 a6 18. Nd4 Bd7 19. Qf3 Rc8 20. b4 e5 21. Nb3 Bc6 22. Qd1 Rf7 23. Na5 Bf8 24. Qb3 Kg7 25. Rfd1 Rd7 26. Qe6 Na8 27. Nxc6 Rxc6 28. Ne4 Rf7 29. Qd5 Nb6 30. Bxb6 Rxb6 31. Rac1 Rxb4 32. Nc5 Qxd6 33. Qxd6 Bxd6 34. Rxd6 Rxb2 35. Ne6+ Kh6 36. Rc4 g5 37. h4 gxh4 38. Rxh4+ Kg6 39. Rg4+ Kf5 40. f3 e4 41. Rxe4 Kg6 42. Nd8 Rf8 43. Rg4+ Kh6 44. Ne6 Rf7 45. Nd4 1-0

[Event "German Bundesliga 2023-24"]
[Site "Germany"]
[Date "2024.03.17"]
[Round "13.6"]
[White "Hausrath, Daniel"]
[Black "Kurmann, Oliver"]
[Result "1/2-1/2"]
[WhiteElo "2462"]
[BlackElo "2424"]
[Annotator "TA"]
[PlyCount "41"]
[EventDate "2023.10.20"]
[EventType "team-tourn"]
[EventCountry "GER"]
[SourceTitle "playchess.com"]
[Source "ChessBase"]
[SourceQuality "1"]

1. Nf3 Nf6 2. g3 c5 3. Bg2 Nc6 4. O-O e5 5. e4 d6 6. d3 g6 7. c3 Bg7 8. a3 O-O 9. b4 a6 10. Nbd2 b5 11. Rb1 Nd7 12. Nb3 Nb6 13. Bg5 Qd7 14. Qd2 Na4 15. Rfc1 Bb7 16. c4 Nd4 17. bxc5 dxc5 18. cxb5 Nxb3 19. Rxb3 axb5 20. Be3 Rfc8 21. h4 1/2-1/2

[Event "German Bundesliga 2023-24"]
[Site "Germany"]
[Date "2024.03.17"]
[Round "13.7"]
[White "Boensch, Uwe"]
[Black "Graf, Alexander"]
[Result "1/2-1/2"]
[WhiteElo "2456"]
[BlackElo "2523"]
[Annotator "TA"]
[PlyCount "40"]
[EventDate "2023.10.20"]
[EventType "team-tourn"]
[EventCountry "GER"]
[SourceTitle "playchess.com"]
[Source "ChessBase"]
[SourceQuality "1"]

1. d4 Nf6 2. c4 e6 3. Nf3 d5 4. cxd5 exd5 5. Qc2 Nc6 6. a3 Bg4 7. Nbd2 a5 8. e3 Bd6 9. b3 O-O 10. Bb2 Qe7 11. Bd3 Rae8 12. Bf5 g6 13. Bxg4 Nxg4 14. O-O f5 15. Rfe1 Nf6 16. Qd3 Ra8 17. Nf1 Ra6 18. N3d2 Rb6 19. f3 Re8 20. Qc3 Qf7 1/2-1/2

[Event "German Bundesliga 2023-24"]
[Site "Germany"]
[Date "2024.03.17"]
[Round "13.7"]
[White "Ftacnik, Lubomir"]
[Black "Ferreira, Jorge Viterbo"]
[Result "0-1"]
[WhiteElo "2455"]
[BlackElo "2525"]
[Annotator "TA"]
[PlyCount "72"]
[EventDate "2023.10.20"]
[EventType "team-tourn"]
[EventCountry "GER"]
[SourceTitle "playchess.com"]
[Source "ChessBase"]
[SourceQuality "1"]

1. Nf3 d5 2. d4 e6 3. c4 Nf6 4. Nc3 Nbd7 5. e3 a6 6. b3 b6 7. Bd3 Bb7 8. O-O Bd6 9. Qc2 dxc4 10. bxc4 Bxf3 11. gxf3 c5 12. dxc5 Nxc5 13. Be2 Nfd7 14. Bb2 Qh4 15. f4 Nf6 16. f3 g5 17. Nb5 axb5 18. Bxf6 Rg8 19. Kh1 Rg6 20. Rfd1 Qf2 21. Rf1 Qxe3 22. fxg5 Qf4 23. Rf2 h6 24. Rd1 hxg5 25. Bc3 Ke7 26. Bf1 Ra3 27. Bd2 Qf6 28. Bb4 Rxf3 29. Rxf3 Qxf3+ 30. Bg2 Qf4 31. Rxd6 Qxd6 32. cxb5 Rh6 33. h3 Rh4 34. Bd2 Qe5 35. Qc1 f6 36. Bc3 Rc4 0-1

[Event "German Bundesliga 2023-24"]
[Site "Germany"]
[Date "2024.03.17"]
[Round "13.7"]
[White "Lindgren, Philip"]
[Black "Buckels, Valentin"]
[Result "0-1"]
[WhiteElo "2395"]
[BlackElo "2429"]
[Annotator "TA"]
[PlyCount "92"]
[EventDate "2023.10.20"]
[EventType "team-tourn"]
[EventCountry "GER"]
[SourceTitle "playchess.com"]
[Source "ChessBase"]
[SourceQuality "1"]

1. d4 Nf6 2. c4 e6 3. Nf3 d5 4. g3 dxc4 5. Bg2 c5 6. O-O Nc6 7. Qa4 Bd7 8. Qxc4 cxd4 9. Nxd4 Rc8 10. Nc3 Nxd4 11. Qxd4 Bc5 12. Qh4 h6 13. Bg5 O-O 14. Bxf6 Qxf6 15. Qxf6 gxf6 16. Rfd1 Rc7 17. Ne4 Be7 18. Rd4 f5 19. Rad1 Bb5 20. Nc3 Ba6 21. Rd7 Rfc8 22. Bf3 Kf8 23. Kg2 Rxd7 24. Rxd7 Ke8 25. Rd2 b5 26. e3 b4 27. Ne2 e5 28. Bd5 Rc5 29. Ba8 Bb5 30. h4 a5 31. Bf3 a4 32. e4 Bc6 33. Rd1 fxe4 34. Bg4 Rc2 35. Rc1 Rxc1 36. Nxc1 Bc5 37. Kf1 Bd4 38. b3 Bb2 39. Ne2 a3 40. Ng1 f5 41. Bd1 f4 42. f3 exf3 43. Bxf3 e4 44. Bh5+ Ke7 45. gxf4 Bf6 46. Ke2 Bd5 0-1

[Event "German Bundesliga 2023-24"]
[Site "Germany"]
[Date "2024.03.17"]
[Round "13.8"]
[White "Koellner, Ruben Gideon"]
[Black "Wong, Gengchun"]
[Result "0-1"]
[WhiteElo "2483"]
[BlackElo "2252"]
[Annotator "TA"]
[PlyCount "84"]
[EventDate "2023.10.20"]
[EventType "team-tourn"]
[EventCountry "GER"]
[SourceTitle "playchess.com"]
[Source "ChessBase"]
[SourceQuality "1"]

1. d4 d5 2. Nf3 c5 3. e3 Nf6 4. Nbd2 Nc6 5. dxc5 e6 6. a3 a5 7. b3 Bxc5 8. Bb2 O-O 9. Bd3 Qe7 10. c4 e5 11. cxd5 Nxd5 12. Qb1 f5 13. Bc4 Be6 14. Nxe5 Nxe5 15. Bxe5 Nxe3 16. fxe3 Bxc4 17. Nxc4 b5 18. O-O bxc4 19. Qb2 f4 20. b4 Ba7 21. b5 fxe3 22. Bd4 e2 23. Rfe1 Bxd4+ 24. Qxd4 Rac8 25. b6 Rfd8 26. Qf2 Rd2 27. Rab1 Rf8 28. Qg3 Qc5+ 29. Kh1 Qxb6 30. Rbc1 Qd4 31. Qh3 Kh8 32. Qe6 Qd3 33. h3 h6 34. Kh2 c3 35. Qb3 Rc8 36. Qb7 Rd8 37. Rb1 Qd6+ 38. Kg1 c2 39. Rbc1 Rd1 40. Kf2 Rxc1 41. Rxc1 Qf4+ 42. Kxe2 Qxc1 0-1

[Event "German Bundesliga 2023-24"]
[Site "Germany"]
[Date "2024.03.17"]
[Round "13.8"]
[White "Winterberg, Lukas"]
[Black "Zwirs, Nico"]
[Result "1/2-1/2"]
[WhiteElo "2410"]
[BlackElo "2476"]
[Annotator "TA"]
[PlyCount "72"]
[EventDate "2023.10.20"]
[EventType "team-tourn"]
[EventCountry "GER"]
[SourceTitle "playchess.com"]
[Source "ChessBase"]
[SourceQuality "1"]

1. d4 d5 2. Nf3 Nf6 3. c4 e6 4. Nc3 Nbd7 5. e3 a6 6. b3 b6 7. Bd3 Bb7 8. O-O Bd6 9. Bb2 O-O 10. Qe2 Ne4 11. cxd5 exd5 12. Rad1 Qe7 13. Bxe4 dxe4 14. Nd2 b5 15. a4 b4 16. Ncb1 a5 17. Nc4 f5 18. Nbd2 Ba6 19. f3 exf3 20. Qxf3 Nb6 21. Rfe1 Nxc4 22. Nxc4 Bxc4 23. bxc4 c5 24. dxc5 Bxc5 25. Rd5 f4 26. Re5 Qh4 27. g3 fxg3 28. Qxg3 Qxg3+ 29. hxg3 Rac8 30. Rd1 Rf3 31. Bd4 Bxd4 32. Rxd4 Rxg3+ 33. Kf2 Rg6 34. Rxa5 Rgc6 35. Rb5 Rxc4 36. Rxb4 Rxb4 1/2-1/2

[Event "German Bundesliga 2023-24"]
[Site "Germany"]
[Date "2024.03.17"]
[Round "13.8"]
[White "Dinstuhl, Volkmar"]
[Black "Rafiee, Makan"]
[Result "1/2-1/2"]
[WhiteElo "2380"]
[BlackElo "2279"]
[Annotator "TA"]
[PlyCount "43"]
[EventDate "2023.10.20"]
[EventType "team-tourn"]
[EventCountry "GER"]
[SourceTitle "playchess.com"]
[Source "ChessBase"]
[SourceQuality "1"]

1. d4 Nf6 2. c4 c5 3. d5 e6 4. Nc3 exd5 5. cxd5 d6 6. e4 g6 7. h3 Bg7 8. Bd3 O-O 9. Bg5 b6 10. Nf3 Ba6 11. Bxa6 Nxa6 12. O-O h6 13. Bf4 b5 14. Qe2 Qb6 15. Qxb5 Qxb5 16. Nxb5 Nxe4 17. Nxd6 Nxd6 18. Bxd6 Rfd8 19. Be5 Rxd5 20. Bxg7 Kxg7 21. Rad1 Rad8 22. Rxd5 1/2-1/2

[Event "German Bundesliga 2023-24"]
[Site "Germany"]
[Date "2024.03.17"]
[Round "13.9"]
[White "Yuffa, Daniil"]
[Black "Pavlidis, Antonios"]
[Result "1/2-1/2"]
[WhiteElo "2601"]
[BlackElo "2566"]
[Annotator "TA"]
[PlyCount "95"]
[EventDate "2023.10.20"]
[EventType "team-tourn"]
[EventCountry "GER"]
[SourceTitle "playchess.com"]
[Source "ChessBase"]
[SourceQuality "1"]

1. d4 Nf6 2. c4 g6 3. Nc3 Bg7 4. e4 d6 5. Nf3 O-O 6. Be2 e5 7. O-O exd4 8. Nxd4 Nc6 9. Be3 Re8 10. f3 Nh5 11. Qd2 Nxd4 12. Bxd4 Nf4 13. g3 Bxd4+ 14. Qxd4 Nxe2+ 15. Nxe2 b6 16. Nf4 Bb7 17. Nd5 Re6 18. Rae1 c5 19. Qc3 Bxd5 20. cxd5 Re8 21. f4 b5 22. Qf3 Qd7 23. Re3 Rad8 24. Rd1 f6 25. h4 Re7 26. Kg2 Rde8 27. Qe2 h5 28. b3 a6 29. Qc2 f5 30. e5 dxe5 31. d6 Re6 32. Qxc5 exf4 33. Rxe6 Qxe6 34. Qd5 Kf7 35. gxf4 Qxd5+ 36. Rxd5 Rd8 37. d7 Ke6 38. Rd1 Rxd7 39. Rxd7 Kxd7 40. Kf3 Kd6 41. Ke3 Kc5 42. a3 a5 43. Kd3 a4 44. bxa4 bxa4 45. Kc3 Kd5 46. Kd3 Kc5 47. Kc3 Kd5 48. Kd3 1/2-1/2

[Event "German Bundesliga 2023-24"]
[Site "Germany"]
[Date "2024.03.17"]
[Round "13.10"]
[White "Anton Guijarro, David"]
[Black "Abel, Dennes"]
[Result "1-0"]
[WhiteElo "2653"]
[BlackElo "2404"]
[Annotator "TA"]
[PlyCount "67"]
[EventDate "2023.10.20"]
[EventType "team-tourn"]
[EventCountry "GER"]
[SourceTitle "playchess.com"]
[Source "ChessBase"]
[SourceQuality "1"]

1. e4 c6 2. d4 d5 3. e5 Bf5 4. h4 h6 5. g4 Be4 6. f3 Bh7 7. Bd3 Bxd3 8. Qxd3 e6 9. h5 c5 10. c3 Qb6 11. Ne2 a5 12. a4 Na6 13. f4 Ne7 14. Qb5+ Qc6 15. Na3 c4 16. b3 cxb3 17. Rb1 Qxb5 18. Nxb5 Nc6 19. Rxb3 O-O-O 20. O-O f6 21. Ba3 Bxa3 22. Nxa3 Rd7 23. Nb5 Kb8 24. Nd6 Ka7 25. Rfb1 Rb8 26. Rb5 Re7 27. Kf2 Nd8 28. Rxa5 Nf7 29. exf6 gxf6 30. Nxf7 Rxf7 31. f5 Rg7 32. fxe6 Rxg4 33. Kf3 Rg5 34. Nf4 1-0

[Event "German Bundesliga 2023-24"]
[Site "Germany"]
[Date "2024.03.17"]
[Round "13.10"]
[White "L'Ami, Erwin"]
[Black "Shengelia, David"]
[Result "1-0"]
[WhiteElo "2627"]
[BlackElo "2494"]
[Annotator "TA"]
[PlyCount "113"]
[EventDate "2023.10.20"]
[EventType "team-tourn"]
[EventCountry "GER"]
[SourceTitle "playchess.com"]
[Source "ChessBase"]
[SourceQuality "1"]

1. d4 Nf6 2. c4 e6 3. Nf3 b6 4. g3 Bb7 5. Bg2 Be7 6. O-O O-O 7. Nc3 Ne4 8. Bd2 f5 9. Nxe4 Bxe4 10. Ne1 Bf6 11. Bc3 Bxg2 12. Nxg2 Qe8 13. Qd3 a5 14. e4 fxe4 15. Qxe4 Nc6 16. Ne3 Rd8 17. Rae1 d5 18. cxd5 exd5 19. Nxd5 Qxe4 20. Nxf6+ Rxf6 21. Rxe4 Rfd6 22. Rd1 R8d7 23. b3 Ne7 24. Bb2 Rd5 25. Rc1 Nf5 26. Re8+ Kf7 27. Rc8 Nxd4 28. R1xc7 Ne6 29. Rxd7+ Rxd7 30. Bc1 a4 31. bxa4 Rd4 32. a3 Rxa4 33. Rb8 Rc4 34. Be3 Rc3 35. Rb7+ Kf6 36. a4 Rc4 37. Ra7 Rb4 38. Kg2 h5 39. h4 g6 40. Ra6 b5 41. a5 Ra4 42. Kf3 b4 43. Ke4 b3+ 44. Kd3 b2 45. Kc2 Rb4 46. Kb1 Rb5 47. Bd2 Kf5 48. Rb6 Rd5 49. Rxb2 Nc7 50. Be3 Na6 51. Bb6 g5 52. hxg5 Kxg5 53. Kc2 Kg4 54. Kc3 Nb8 55. Kc4 Rf5 56. Rb5 Rf3 57. Be3 1-0

[Event "German Bundesliga 2023-24"]
[Site "Germany"]
[Date "2024.03.17"]
[Round "13.11"]
[White "Gumularz, Szymon"]
[Black "Burg, Twan"]
[Result "1/2-1/2"]
[WhiteElo "2580"]
[BlackElo "2530"]
[Annotator "TA"]
[PlyCount "108"]
[EventDate "2023.10.20"]
[EventType "team-tourn"]
[EventCountry "GER"]
[SourceTitle "playchess.com"]
[Source "ChessBase"]
[SourceQuality "1"]

1. Nf3 d5 2. g3 c5 3. Bg2 Nc6 4. d4 Nf6 5. O-O e6 6. a3 cxd4 7. Nxd4 Bc5 8. Nxc6 bxc6 9. c4 O-O 10. Qc2 Bd6 11. Rd1 Qe7 12. Nc3 Ba6 13. cxd5 cxd5 14. e4 Rac8 15. Bg5 dxe4 16. Qa4 Bd3 17. Bxe4 Bxe4 18. Nxe4 Rfd8 19. Bxf6 gxf6 20. Nxd6 Rxd6 21. Rxd6 Qxd6 22. Qxa7 Qe5 23. Rb1 Qe4 24. Rf1 Rc2 25. b4 Qc4 26. Qb8+ Kg7 27. Qf4 Qxf4 28. gxf4 Ra2 29. Rb1 Rxa3 30. b5 Ra7 31. b6 Rb7 32. f5 Kf8 33. Kg2 Ke7 34. Kg3 Kd7 35. Kg4 Kc8 36. Rc1+ Kd7 37. Rc7+ Rxc7 38. bxc7 Kxc7 39. Kh5 Kd6 40. Kh6 Ke5 41. fxe6 fxe6 42. Kxh7 Kf5 43. Kg7 Kg5 44. Kf7 e5 45. Ke7 Kf5 46. Kd6 e4 47. Ke7 Kg6 48. Kd6 Kf5 49. Kd5 Kf4 50. Ke6 Kg5 51. h3 Kh4 52. Kxf6 Kxh3 53. Ke5 Kg2 54. Kxe4 Kxf2 1/2-1/2

[Event "German Bundesliga 2023-24"]
[Site "Germany"]
[Date "2024.03.17"]
[Round "13.11"]
[White "Baidetskyi, Valentin"]
[Black "Andersen, Mads"]
[Result "1/2-1/2"]
[WhiteElo "2471"]
[BlackElo "2606"]
[Annotator "TA"]
[PlyCount "62"]
[EventDate "2023.10.20"]
[EventType "team-tourn"]
[EventCountry "GER"]
[SourceTitle "playchess.com"]
[Source "ChessBase"]
[SourceQuality "1"]

1. e4 e5 2. Nf3 Nc6 3. d4 exd4 4. Nxd4 Nf6 5. Nxc6 bxc6 6. e5 Qe7 7. Qe2 Nd5 8. c4 Ba6 9. b3 g6 10. Bb2 Bg7 11. g3 O-O 12. Bg2 Rae8 13. O-O Bxe5 14. Qxe5 Qxe5 15. Bxe5 Rxe5 16. cxd5 Bxf1 17. Kxf1 cxd5 18. Nc3 c6 19. Rd1 a5 20. Bf3 Rb8 21. Na4 Kf8 22. Nc5 Ke7 23. Rd4 Kd6 24. Nd3 Ree8 25. Ra4 Ra8 26. Rf4 f5 27. h4 Kc7 28. Nc5 Kd6 29. Nb7+ Kc7 30. Nc5 Kd6 31. Nb7+ Ke5 1/2-1/2

[Event "German Bundesliga 2023-24"]
[Site "Germany"]
[Date "2024.03.17"]
[Round "13.11"]
[White "Walter, Stefan"]
[Black "Kryvoruchko, Yuriy"]
[Result "0-1"]
[WhiteElo "2382"]
[BlackElo "2656"]
[Annotator "TA"]
[PlyCount "64"]
[EventDate "2023.10.20"]
[EventType "team-tourn"]
[EventCountry "GER"]
[SourceTitle "playchess.com"]
[Source "ChessBase"]
[SourceQuality "1"]

1. d4 Nf6 2. c4 e6 3. g3 d5 4. Nf3 Bb4+ 5. Bd2 a5 6. Bxb4 axb4 7. Bg2 dxc4 8. Ne5 O-O 9. Nxc4 Nc6 10. e3 Ra6 11. O-O b5 12. Ncd2 e5 13. Qc2 Qd6 14. Nb3 exd4 15. Rd1 Bg4 16. Rd2 Qe5 17. exd4 Qh5 18. Bxc6 Bf5 19. Qd1 Rxc6 20. Qxh5 Nxh5 21. f3 Nf6 22. Rd1 Nd5 23. N1d2 Rc2 24. Rdc1 Rxb2 25. Rc5 Be6 26. Rxb5 Ra8 27. a4 c6 28. Rc5 Nc3 29. Na5 Rxd2 30. Nxc6 Ne2+ 31. Kf2 Nxd4+ 32. Ke3 Nb3 0-1

[Event "German Bundesliga 2023-24"]
[Site "Germany"]
[Date "2024.03.17"]
[Round "13.12"]
[White "Korobov, Anton"]
[Black "Schulze, Torben"]
[Result "1-0"]
[WhiteElo "2658"]
[BlackElo "2325"]
[Annotator "TA"]
[PlyCount "73"]
[EventDate "2023.10.20"]
[EventType "team-tourn"]
[EventCountry "GER"]
[SourceTitle "playchess.com"]
[Source "ChessBase"]
[SourceQuality "1"]

1. d4 Nf6 2. c4 c5 3. d5 e6 4. Nc3 exd5 5. cxd5 d6 6. Nf3 g6 7. Bf4 a6 8. a4 Bg7 9. h3 O-O 10. e3 Ne8 11. Be2 b6 12. O-O Nd7 13. e4 Ne5 14. Nxe5 dxe5 15. Be3 a5 16. Nb5 Ba6 17. Na3 Bxe2 18. Qxe2 Nd6 19. f3 f5 20. Nc4 Nxc4 21. Qxc4 Qd6 22. Ra3 f4 23. Bf2 g5 24. Rb3 Rf6 25. Rd1 Rg6 26. Rb5 Bf6 27. b4 axb4 28. a5 Rxa5 29. Bxc5 Qc7 30. Rxa5 bxa5 31. Qb5 Kg7 32. d6 Qf7 33. d7 Bd8 34. Qb8 Qb3 35. Qxd8 Qxd1+ 36. Kh2 g4 37. Qf8# 1-0

[Event "German Bundesliga 2023-24"]
[Site "Germany"]
[Date "2024.03.17"]
[Round "13.12"]
[White "Van Wely, Loek"]
[Black "Bromberger, Stefan"]
[Result "1/2-1/2"]
[WhiteElo "2626"]
[BlackElo "2476"]
[Annotator "TA"]
[PlyCount "50"]
[EventDate "2023.10.20"]
[EventType "team-tourn"]
[EventCountry "GER"]
[SourceTitle "playchess.com"]
[Source "ChessBase"]
[SourceQuality "1"]

1. d4 d5 2. c4 dxc4 3. e4 e5 4. Nf3 exd4 5. Bxc4 Nc6 6. O-O Be6 7. Bxe6 fxe6 8. Qb3 Qd7 9. Qxb7 Rb8 10. Qa6 Nge7 11. Nbd2 Ng6 12. a3 Be7 13. b4 O-O 14. Bb2 e5 15. Rac1 Rb6 16. Qa4 Nf4 17. Kh1 Kh8 18. b5 Qg4 19. g3 Nd3 20. Rxc6 Rxf3 21. Nxf3 Qxf3+ 22. Kg1 Rxc6 23. bxc6 Nf4 24. gxf4 Qg4+ 25. Kh1 Qf3+ 1/2-1/2

[Event "German Bundesliga 2023-24"]
[Site "Germany"]
[Date "2024.03.17"]
[Round "13.12"]
[White "Swinkels, Robin"]
[Black "Gavrilescu, David"]
[Result "0-1"]
[WhiteElo "2515"]
[BlackElo "2534"]
[Annotator "TA"]
[PlyCount "142"]
[EventDate "2023.10.20"]
[EventType "team-tourn"]
[EventCountry "GER"]
[SourceTitle "playchess.com"]
[Source "ChessBase"]
[SourceQuality "1"]

1. d4 d5 2. c4 e6 3. g3 Nf6 4. Bg2 Be7 5. Nf3 O-O 6. O-O a5 7. Nc3 c6 8. b3 b6 9. Qd3 Ba6 10. Rd1 b5 11. cxb5 cxb5 12. Nxb5 Nc6 13. a4 Ne4 14. Ne5 Nb4 15. Qb1 f6 16. Bxe4 dxe4 17. Nc4 f5 18. Bf4 Nd5 19. Qc1 Bb4 20. Kf1 Qe8 21. h4 Qh5 22. Nc7 g5 23. Nxe6 gxf4 24. Nxf4 Nxf4 25. Qxf4 Rad8 26. Ra2 Bxc4 27. bxc4 Bd6 28. Qg5+ Qxg5 29. hxg5 f4 30. gxf4 Bxf4 31. Kg2 Rf5 32. e3 Rxg5+ 33. Kf1 Bd6 34. Rb2 Bb4 35. Ke2 Rf8 36. Rh1 h5 37. Rbb1 Rgf5 38. Rbg1+ Kh7 39. Rg2 Be7 40. Rhh2 Rb8 41. c5 Rb2+ 42. Kf1 Kh6 43. Rg8 Rg5 44. Re8 Rb7 45. Rh4 Rxc5 46. Rxe4 Rc1+ 47. Kg2 Bf6 48. Rf4 Rg7+ 49. Kf3 Bg5 50. Rf5 h4 51. Rh8+ Kg6 52. Rxa5 Rf7+ 53. Ke4 Bf6 54. Ra6 Rh1 55. f4 Re7+ 56. Kd5 Kg7 57. Raa8 Rxe3 58. f5 Rd1 59. Rag8+ Kf7 60. Rf8+ Ke7 61. Re8+ Kd7 62. Rxe3 Rxd4+ 63. Kc5 Bxh8 64. Re6 Rxa4 65. Rh6 Bc3 66. Rh7+ Ke8 67. Kd5 Kf8 68. f6 Bxf6 69. Ke6 Rf4 70. Rb7 Kg8 71. Ra7 Rf2 0-1

[Event "German Bundesliga 2023-24"]
[Site "Germany"]
[Date "2024.03.17"]
[Round "13.13"]
[White "Meshkovs, Nikita"]
[Black "Dgebuadze, Alexandre"]
[Result "1/2-1/2"]
[WhiteElo "2526"]
[BlackElo "2441"]
[Annotator "TA"]
[PlyCount "54"]
[EventDate "2023.10.20"]
[EventType "team-tourn"]
[EventCountry "GER"]
[SourceTitle "playchess.com"]
[Source "ChessBase"]
[SourceQuality "1"]

1. c4 e6 2. g3 d5 3. Bg2 Nf6 4. Nf3 Be7 5. d4 Nbd7 6. Qd3 c6 7. Nc3 O-O 8. O-O b6 9. b3 Ba6 10. Bb2 Rc8 11. Rac1 Bd6 12. Rfd1 Qe7 13. e4 dxc4 14. bxc4 e5 15. Ne2 Rcd8 16. Nh4 g6 17. Qc3 Rfe8 18. dxe5 Nxe5 19. Nd4 Bb4 20. Nxc6 Rxd1+ 21. Rxd1 Nxc6 22. Qxf6 Qxf6 23. Bxf6 Bxc4 24. Rc1 Na5 25. Rc2 Be7 26. Bxe7 Rxe7 27. Rd2 f5 1/2-1/2

[Event "German Bundesliga 2023-24"]
[Site "Germany"]
[Date "2024.03.17"]
[Round "13.13"]
[White "Kindermann, Stefan"]
[Black "Smeets, Jan"]
[Result "1/2-1/2"]
[WhiteElo "2444"]
[BlackElo "2535"]
[Annotator "TA"]
[PlyCount "100"]
[EventDate "2023.10.20"]
[EventType "team-tourn"]
[EventCountry "GER"]
[SourceTitle "playchess.com"]
[Source "ChessBase"]
[SourceQuality "1"]

1. d4 d5 2. Nf3 Nf6 3. Bf4 c5 4. e3 Nc6 5. Nbd2 Bg4 6. c3 e6 7. Qb3 Qc8 8. h3 Bh5 9. Nh4 cxd4 10. exd4 Qd7 11. g4 Bg6 12. Nxg6 hxg6 13. Be2 O-O-O 14. O-O-O Bd6 15. Be3 Qc7 16. Kb1 Kb8 17. h4 Bf4 18. Rdg1 Nd7 19. Qd1 Nb6 20. Bd3 Na5 21. Qf3 Bxe3 22. fxe3 Rd7 23. Qf4 Nac4 24. Qxc7+ Rxc7 25. Bxc4 Nxc4 26. Nxc4 Rxc4 27. h5 g5 28. Rf1 Rc7 29. Rf3 Kc8 30. Rhf1 f6 31. Re1 Kd7 32. e4 dxe4 33. Rxe4 Kd6 34. Kc2 b5 35. Kd3 Kd5 36. Re1 b4 37. Rc1 bxc3 38. bxc3 Rc4 39. Rb1 Rhc8 40. Rb5+ Kd6 41. Rb3 Ke7 42. Rb7+ R4c7 43. Rxc7+ Rxc7 44. c4 Rb7 45. c5 Rb4 46. Kc3 a5 47. Rf2 Rb1 48. Kc4 Rb4+ 49. Kc3 Rb1 50. Kc4 Rb4+ 1/2-1/2

[Event "German Bundesliga 2023-24"]
[Site "Germany"]
[Date "2024.03.17"]
[Round "13.14"]
[White "Braun, Arik"]
[Black "von Mettenheim, Johannes"]
[Result "1/2-1/2"]
[WhiteElo "2588"]
[BlackElo "2284"]
[Annotator "TA"]
[PlyCount "105"]
[EventDate "2023.10.20"]
[EventType "team-tourn"]
[EventCountry "GER"]
[SourceTitle "playchess.com"]
[Source "ChessBase"]
[SourceQuality "1"]

1. d4 d5 2. Nf3 Nf6 3. e3 Bf5 4. c4 c6 5. Nc3 e6 6. Nh4 Be4 7. f3 Bg6 8. Qb3 Qb6 9. Nxg6 hxg6 10. Bd2 Be7 11. O-O-O Qxb3 12. axb3 Nbd7 13. Bd3 O-O-O 14. h3 c5 15. Be1 cxd4 16. exd4 Nb8 17. Bf2 Nc6 18. Rhe1 Ng8 19. f4 Bh4 20. g3 Bf6 21. cxd5 exd5 22. Bf1 Nge7 23. Bg2 Nf5 24. Bxd5 Bxd4 25. Bxd4 Nfxd4 26. h4 Rd7 27. Bxc6 bxc6 28. b4 Rhd8 29. Kb1 Nf5 30. Rxd7 Rxd7 31. Re8+ Rd8 32. Rxd8+ Kxd8 33. Ne2 Ne3 34. Ka2 Kd7 35. Kb3 Kd6 36. Kc3 c5 37. bxc5+ Kxc5 38. b4+ Kc6 39. Kd3 Nf5 40. Nd4+ Kd5 41. Ne2 Kd6 42. Ke4 Kc7 43. Ke5 Kb6 44. h5 Kb5 45. hxg6 fxg6 46. g4 Ne3 47. Nd4+ Kxb4 48. Nc6+ Kc5 49. Nxa7 Nxg4+ 50. Ke6 Kd4 51. Kf7 Ke4 52. Kxg6 Kxf4 53. Kxg7 1/2-1/2

[Event "German Bundesliga 2023-24"]
[Site "Germany"]
[Date "2024.03.17"]
[Round "13.14"]
[White "Nikolic, Predrag"]
[Black "Zysk, Robert"]
[Result "1/2-1/2"]
[WhiteElo "2531"]
[BlackElo "2388"]
[Annotator "RC"]
[PlyCount "85"]
[EventDate "2023.10.20"]
[EventType "team-tourn"]
[EventCountry "GER"]
[SourceTitle "playchess.com"]
[Source "ChessBase"]
[SourceQuality "1"]

1. d4 Nf6 2. Nf3 g6 3. g3 Bg7 4. Bg2 d5 5. O-O O-O 6. Bf4 c5 7. dxc5 Na6 8. c6 bxc6 9. c4 Bb7 10. Nc3 Nc5 11. Qc1 Nce4 12. Be5 Nxc3 13. Bxc3 Qb6 14. b3 a5 15. Rb1 Rfd8 16. Qb2 c5 17. cxd5 Bxd5 18. Rfd1 Be4 19. Rxd8+ Qxd8 20. Rc1 a4 21. Be5 axb3 22. axb3 Qb6 23. Ne1 Bxg2 24. Kxg2 Bh6 25. Rc4 Nd7 26. Nd3 Nxe5 27. Qxe5 Qxb3 28. Qd5 Rb8 29. Ne5 Qb7 30. Nc6 Bf8 31. Qe4 Re8 32. Rxc5 e6 33. Rc1 Bg7 34. Qf3 h5 35. h3 Qb2 36. Rd1 Qc3 37. Rd3 Qf6 38. Qe4 e5 39. Qd5 e4 40. Rb3 Qe6 41. Rb5 Qxd5 42. Rxd5 Bf6 43. e3 1/2-1/2